000 00609nam a2200217 a 4500
001 32615
003 BD-RjUL
005 20211209051850.0
008 140427s1983 pk 000 0 eng
035 _a(BD-RjUL)32704
040 _aDLC
_cDLC
_dDLC
_dBD-RjUL
_beng
041 _aeng
082 0 0 _a291
_219
_bSAI 1983
100 1 _aSandeela, F. M.
_999248
245 1 0 _aIslam, Christianity, Hinduism :
_ba comparative study /
_cby F.M. Sandeela.
260 _aKarachi :
_bAshraf Publications,
_c1983.
300 _a180 p. ;
_c18 cm.
650 0 _aReligion
_999249
942 _2ddc
_cBK
999 _c32615
_d32615